The global city : New York, London, Tokyo

Αποθηκεύτηκε σε:
Λεπτομέρειες βιβλιογραφικής εγγραφής
Κύριος συγγραφέας: Sassen, Saskia
Μορφή: Βιβλίο
Γλώσσα:English
Δημοσίευση: Prenceton, N. J. : Princeton University Press, 2001.
Έκδοση:2η έκδοση.
Θέματα:
Ετικέτες: Προσθήκη ετικέτας
Δεν υπάρχουν, Καταχωρήστε ετικέτα πρώτοι!

MARC

LEADER 00000cam a2200000 i 4500
001 1/47046
008 070629s2001 us | ||| |||| ||eng||
020 |a 9780691070636 
020 |a 0691070636 
035 |l 10088536 
040 |a GR-MY-UA  |b gre  |e aacr 
041 0 |a eng 
082 7 |a 332.042   |2 (20) 
100 1 |a Sassen, Saskia. 
245 1 4 |a The global city :   |b New York, London, Tokyo /   |c Saskia Sassen. 
250 |a 2η έκδοση. 
260 |a Prenceton, N. J. :   |b Princeton University Press,   |c 2001. 
300 |a xxvi, 447 σ. ;   |c 24 εκ. 
504 |a Περιέχει βιβλιογραφία (σ. 383-433) και ευρετήριο. 
650 0 0 |a Financial services industry  |z New York. 
650 0 0 |a Financial services industry  |z Japan  |z Tokyo. 
650 0 0 |a Financial services industry  |z England  |z London. 
650 0 0 |a International finance. 
650 0 0 |a International economic relations. 
651 0 |a New York (N.Y.)  |x Economic conditions. 
651 0 |a Tokyo (Japan)  |x Economic conditions. 
651 0 |a London (England)  |x Economic conditions. 
852 |a INST  |b LESVOS  |e 20070629  |h 332.042 SAS  |p 005100037988  |q 005100037988  |t BK  |y 0 
852 |a INST  |b RHODES  |e 20231010  |h 332.042 SAS  |p 005400043825  |q 005400043825  |t BK  |y 0 
901 |a BIBL1-2007-2 
909 |a Λ  |b 135395 
922 |a 1ΕΛΗ  |b 200706  |c ΕΠΕΑΕΚ2/ΤΓ  |d ΠΑΠΑΣΩΤΗΡΙΟΥ 
970 |a ΚΑΡΑ  |b ΓΙΑΣΕΜΗ  |z 2007/06/29